| 000 | 00583nam a22002413 4500 | ||
|---|---|---|---|
| 999 |
_c8608 _d8608 |
||
| 001 | 8608 | ||
| 003 | BD - JhCC | ||
| 005 | 20180920094812.0 | ||
| 008 | 970128s1957 enk j 000 1 eng d | ||
| 035 | _a(BD - JhCC)8608 | ||
| 040 |
_aEQO _cEQO _dBD-JhCC |
||
| 041 | _aeng | ||
| 082 |
_bSMI 1957 _a823.06 |
||
| 100 | 1 |
_aSmith, Madge S., _d1880-1973. |
|
| 245 | 1 | 0 |
_aJam every day / _cMadge S. Smith, |
| 260 |
_aLond. &c., _c1957. |
||
| 300 |
_a206 p. : _c18 cm. |
||
| 490 | 1 | _aSceptre libr. | |
| 650 | _aNovle | ||
| 830 | 0 | _aSceptre libr. | |
| 942 |
_2ddc _cBK |
||